The magician's nephew ; (Record no. 380)

MARC details
000 -LEADER
fixed length control field 00712nam a22002537a 4500
001 - CONTROL NUMBER
control field 380
003 - CONTROL NUMBER IDENTIFIER
control field FISKH
005 - DATE AND TIME OF LATEST TRANSACTION
control field 20230330153743.0
008 - FIXED-LENGTH DATA ELEMENTS--GENERAL INFORMATION
fixed length control field 230330b cb ||||| |||| 00| 0 eng d
035 ## - SYSTEM CONTROL NUMBER
System control number (OCoLC)367083
040 ## - CATALOGING SOURCE
Original cataloging agency DLC
Transcribing agency ODaWU
Modifying agency OCoLC
-- WaChenE
-- DLC
-- FISKH
Language of cataloging eng
042 ## - AUTHENTICATION CODE
Authentication code premarc
050 00 - LIBRARY OF CONGRESS CALL NUMBER
Classification number PZ8.L48
Item number Mag2
082 ## - DEWEY DECIMAL CLASSIFICATION NUMBER
Classification number 813
100 1# - MAIN ENTRY--PERSONAL NAME
Personal name Lewis, C. S.
Fuller form of name (Clive Staples),
Dates associated with a name 1898-1963.
245 14 - TITLE STATEMENT
Title The magician's nephew ;
Statement of responsibility, etc. illustrated by Pauline Baynes.
260 ## - PUBLICATION, DISTRIBUTION, ETC.
Place of publication, distribution, etc. New York,
Name of publisher, distributor, etc. Scholastic.
Date of publication, distribution, etc. 1995.
300 ## - PHYSICAL DESCRIPTION
Extent 167 pages.
Other physical details illus.
Dimensions 20 cm.
505 ## - FORMATTED CONTENTS NOTE
Formatted contents note M
521 8# - TARGET AUDIENCE NOTE
Target audience note 790 <br/>
Source Lexile
521 8# - TARGET AUDIENCE NOTE
Target audience note M
Source Raz-Plus
906 ## - LOCAL DATA ELEMENT F, LDF (RLIN)
a 7
b cbc
c oclcrpl
d u
e ncip
f 19
g y-gencatlg
942 ## - ADDED ENTRY ELEMENTS (KOHA)
Source of classification or shelving scheme Dewey Decimal Classification
Koha item type Books
Suppress in OPAC No
Holdings
Withdrawn status Lost status Source of classification or shelving scheme Damaged status Not for loan Collection Home library Current library Shelving location Date acquired Total Checkouts Full call number Barcode Date last seen Copy number Price effective from Koha item type Date last checked out
    Dewey Decimal Classification     Fiction Footprints International School Library Network Toul Kork Campus Footprints International School Library Network Toul Kork Campus A TK Campus, 4th Floor, Room B401, Fiction Bookcases (1-6) 03/30/2023   LEW 813 PZ7.L58474 FISTK04753 03/30/2023 1 03/30/2023 Books  
    Dewey Decimal Classification     Juvenile Fiction Footprints International School Library Network Toul Kork Campus Footprints International School Library Network Toul Tom Poung Campus TTP Secondary Fiction Bookshelves 03/30/2023 1 LEW 813 PZ7.L58474 FISSE00907 12/19/2025 2 03/30/2023 Books 12/01/2025